Kuuluisat suomalaiset - kuvavisa - Statistics

Yleistilastot
  • Tätä visaa on pelattu 445 kertaa
  • Keskiarvotulos 4 / 12
Vastaustilastot
Kuvavisa Vastaus % Oikein
Mauno Koivisto
87%
Tove Jansson
86%
Jean Sibelius
70%
Arvo Ylppö
40%
Frans Emil Sillanpää
39%
Armi Ratia
30%
Akseli Gallen-Kallela
29%
Helene Schjerfbeck
18%
Aino Ackté
17%
Albert Edelfelt
10%
Aurora Karamzin
8%
Edith Södergran
7%
Ehtoja vastaavia visoja ei löytynyt
Tulosjakauma
Jokaisen tuloksen saaneiden osuus
Persentiili vastausten määrän mukaan
Tuloshistoriasi
Et ole pelannut tätä visaa